000
00313nam a2200133Ia 4500
008
220216s9999 xx 000 0 und d
100
_a
Ng E K
245
0
_a
Tapping experiments on older rubber
260
_b
Planters Bulletin
_c
1965
300
_a
226-235
650
_a
Rubber
650
_a
Tapping
942
_c
JS
999
_c
70222
_d
70222